000 00271nam a22001217a 4500
999 _c534437
_d534437
040 _cMSOHAIL
082 _a891.4391
100 _aDr. Ali Muhammad Khan
_928574
245 _aKuliyat Nazeer
260 _aLahore
_bAl-Faisal
_cc2010
300 _a985;pxv
942 _2ddc
_cBK